00288nam a2200121Ia 4500008004100000082001500041100002200056245003800078250001000116260002300126300000900149650000800158191201s2010 xx 000 0 und d a004.6bFOD aFOROUZAN, Behrouz 0aData Communication and Networking a17 th aN.DelhibTMHc2010 a1134 aMCA